000 00850nam a2200289Ia 4500
005 20260324120210.0
008 008 260324s9999 xx 000 0 eng d
020 _a9780429226649
037 _aEBOOK
040 _aCRL
040 _beng
040 _cCRL
041 _2eng
041 _aeng
084 _qCRL
100 _aWenli Yao; Wen-Pei Sung; Hsiang-Chuan Liu
_91157620
245 0 _aManagement, Information and Educational Engineering
245 0 _bProceedings of the 2014 International Conference on Management, Information and Educational Engineering (MIEE 2014), Xiamen, China, November 22-23, 2014
260 _bTaylor and Francis
260 _c2015
365 _a
365 _b825
856 _uhttp://www.taylorfrancis.com/books/9780429226649
942 _cEBOOK
999 _c1749018
_d1749018